[Event "BRA-ch 90th"]
[Site "Natal"]
[Date "2024.12.21"]
[Round "11"]
[White "Torres, Jose Belo"]
[Black "Lima, Pedro Henrique Melo"]
[Result "0-1"]
[WhiteElo "2033"]
[BlackElo "1800"]
[PlyCount "46"]
[EventDate "2024.12.13"]
[EventType "swiss"]
[EventRounds "11"]
[EventCountry "BRA"]
[SourceTitle "CB52_2024"]
[SourceDate "2024.12.25"]
[SourceVersion "1"]
[SourceVersionDate "2024.12.25"]
[SourceQuality "1"]

1. e4 c5 2. Nc3 Nc6 3. Nge2 g6 4. d4 cxd4 5. Nxd4 Bg7 6. Be3 a6 7. g3 e6 8. Bg2 Nge7 9. Qd2 0-0 10. f4 b5 11. e5 Rb8 12. Ne4 Bb7 13. 0-0-0 Nxd4 14. Bxd4 Bxe4 15. Bxe4 Qc7 16. Bc3 Qc4 17. Qxd7 Qxe4 18. Qxe7 b4 19. Rhe1 Qc4 20. Rd4 Qxa2 21. Rxb4 Rfd8 22. b3 Bf8 23. Qxd8 Rxd8 0-1

[Event "BRA-ch 90th"]
[Site "Natal"]
[Date "2024.12.17"]
[Round "7"]
[White "Lima, Pedro Henrique Melo"]
[Black "Macedo, Alexandre Soares"]
[Result "1-0"]
[WhiteElo "1800"]
[BlackElo "1843"]
[PlyCount "32"]
[EventDate "2024.12.13"]
[EventType "swiss"]
[EventRounds "11"]
[EventCountry "BRA"]
[SourceTitle "CB52_2024"]
[SourceDate "2024.12.25"]
[SourceVersion "1"]
[SourceVersionDate "2024.12.25"]
[SourceQuality "1"]

1. c4 c5 2. g3 b6 3. Bg2 Nc6 4. d4 cxd4 5. Nf3 Bb7 6. Nxd4 Rc8 7. Nc2 g6 8. 0-0 Bg7 9. Nc3 Na5 10. Bxb7 Nxb7 11. Ne3 Ra8 12. Re1 Nf6 13. Qa4 Nc5 14. Qa3 a5 15. b4 axb4 16. Qxb4 0-0 1-0

[Event "BRA-ch 90th"]
[Site "Natal"]
[Date "2024.12.13"]
[Round "2"]
[White "Lima, Pedro Henrique Melo"]
[Black "De Araujo, Luiz Glaudivan Silv"]
[Result "1-0"]
[WhiteElo "1800"]
[BlackElo "1721"]
[PlyCount "61"]
[EventDate "2024.12.13"]
[EventType "swiss"]
[EventRounds "11"]
[EventCountry "BRA"]
[SourceTitle "CB52_2024"]
[SourceDate "2024.12.25"]
[SourceVersion "1"]
[SourceVersionDate "2024.12.25"]
[SourceQuality "1"]

1. c4 Nf6 2. g3 g6 3. Bg2 c6 4. Nc3 a5 5. e4 d6 6. h3 e5 7. Nge2 Na6 8. 0-0 Bg7 9. d4 0-0 10. Bg5 Qc7 11. a3 h6 12. Bxf6 Bxf6 13. d5 Nc5 14. Na4 Nxa4 15. Qxa4 Bd7 16. Qd1 c5 17. Qd2 Bg7 18. f4 f6 19. f5 g5 20. a4 Qb6 21. Nc3 Qb4 22. Qe2 Ra6 23. Nb5 Rc8 24. Ra3 Rb6 25. Rff3 Bxb5 26. axb5 a4 27. Rf1 Ra8 28. Rfa1 Kh7 29. Qc2 h5 30. Kf2 g4 31. Rxa4 1-0